000 00440nam a22001697a 4500
005 20180711110219.0
008 160512b xxu||||| |||| 00| 0 eng d
020 _a81-203-0918-9
041 _aeng
082 _b1687
_a658.15
100 _aPandey, I.M
_94517
245 _aFINANCE:a management guide for managing company funds and profits
260 _aNew Delhi
_bPHI,
_c1995
300 _a236p,
650 _aManagement
_9241
942 _cBK
999 _c654
_d654